[Event "Espalion Op"]
[Site "Espalion (12)"]
[Date "2018.07.20"]
[Round "8.22"]
[White "Rinie, Jean-Jacques"]
[Black "Duvette, Michel"]
[Result "0-1"]
[WhiteElo "1654"]
[BlackElo "1520"]
[PlyCount "58"]
[EventDate "2018.07.??"]
[EventType "swiss"]
[EventRounds "9"]
[EventCountry "FRA"]

1. e4 d5 2. exd5 Nf6 3. Nc3 Nxd5 4. Nf3 Bg4 5. h3 Bh5 6. Be2 e6 7. Nxd5 Qxd5 8.
d4 Bd6 9. O-O Nd7 10. c4 Qc6 11. d5 exd5 12. cxd5 Qb6 13. Nh4 Bg6 14. Nxg6 hxg6
15. Bg4 O-O-O 16. a4 Bc5 17. a5 Qd6 18. Be3 Bxe3 19. fxe3 f5 20. Be2 Nc5 21. b4
Ne4 22. Qd4 Rxh3 23. Rf4 Rh7 24. Bg4 Rdh8 25. Rxe4 Qg3 26. Kf1 Rh1+ 27. Ke2
Rxa1 28. Qxa1 Qxg2+ 29. Kd3 Qxe4+ 0-1

[Event "Espalion Op"]
[Site "Espalion (12)"]
[Date "2018.07.20"]
[Round "8.23"]
[White "Veschambre, Martin"]
[Black "Dewilde, Rudi"]
[Result "1/2-1/2"]
[WhiteElo "1541"]
[BlackElo "1272"]
[PlyCount "80"]
[EventDate "2018.07.??"]
[EventType "swiss"]
[EventRounds "9"]
[EventCountry "FRA"]

1. d4 d5 2. Bf4 g6 3. e3 Nf6 4. Bd3 Bg7 5. h3 O-O 6. Nf3 Nbd7 7. O-O e6 8. Nbd2
Re8 9. c4 c5 10. cxd5 Nxd5 11. Bg5 Bf6 12. Bxf6 N5xf6 13. Nb3 b6 14. dxc5 Nxc5
15. Nxc5 bxc5 16. Bb5 Bd7 17. Bxd7 Qxd7 18. Qxd7 Nxd7 19. Rfd1 Red8 20. Rd2 Nf6
21. Rad1 Rd5 22. Rc1 Ne4 23. Rxd5 exd5 24. Ne1 c4 25. Rd1 Rd8 26. Nc2 a5 27. f3
Nf6 28. e4 a4 29. a3 Rb8 30. Nb4 dxe4 31. fxe4 Nxe4 32. Rd4 c3 33. Rxe4 cxb2
34. Re1 Rc8 35. Nd3 Rb8 36. Rb1 Rb3 37. Nc5 Rc3 38. Rxb2 Rxc5 39. Rb4 Ra5 40.
Kf2 Kg7 1/2-1/2

[Event "Espalion Op"]
[Site "Espalion (12)"]
[Date "2018.07.20"]
[Round "8.24"]
[White "Chazeau, Laineur-Lothaire"]
[Black "Daude, Alexandre"]
[Result "1-0"]
[WhiteElo "1651"]
[BlackElo "1352"]
[PlyCount "63"]
[EventDate "2018.07.??"]
[EventType "swiss"]
[EventRounds "9"]
[EventCountry "FRA"]

1. d4 Nf6 2. Bf4 d5 3. e3 Bf5 4. Nf3 e6 5. h3 c5 6. c3 c4 7. Nbd2 h6 8. Ne5
Nbd7 9. Be2 Nxe5 10. dxe5 Nd7 11. O-O Be7 12. Nf3 g5 13. Bh2 h5 14. Nd4 Bg6 15.
f4 a6 16. f5 exf5 17. Nxf5 Bxf5 18. Rxf5 Qb6 19. Bxh5 Qxe3+ 20. Kh1 Rh7 21. Bf3
Nc5 22. Bg1 Qd3 23. Qxd3 Nxd3 24. b4 Rd8 25. a4 Rh6 26. Rb1 b6 27. Be3 f6 28.
exf6 Bxf6 29. Bxd5 Bxc3 30. Bxc4 Nxb4 31. Bxg5 Rh5 32. Bf7+ 1-0

[Event "Espalion Op"]
[Site "Espalion (12)"]
[Date "2018.07.20"]
[Round "8.25"]
[White "Herrero, Alain"]
[Black "Vandekerckhove, Stefaan"]
[Result "1-0"]
[WhiteElo "1647"]
[BlackElo "1172"]
[PlyCount "107"]
[EventDate "2018.07.??"]
[EventType "swiss"]
[EventRounds "9"]
[EventCountry "FRA"]

1. d4 d5 2. c4 Nf6 3. cxd5 Nxd5 4. e4 Nf6 5. Nc3 e6 6. Nf3 Bb4 7. Qc2 O-O 8. a3
Ba5 9. Bg5 Nbd7 10. Bc4 Qe8 11. O-O c6 12. Rfe1 h6 13. Bh4 Bd8 14. b4 Nh5 15.
Bxd8 Qxd8 16. Rad1 Qe8 17. e5 Nb6 18. Bb3 g6 19. Ne4 Qd8 20. Qd2 Kh7 21. g4 f5
22. exf6 Nxf6 23. Nxf6+ Rxf6 24. Ne5 Qg8 25. g5 hxg5 26. Qxg5 Rf5 27. Qh4+ Rh5
28. Qg4 Nd5 29. Bc2 Ne7 30. Qxh5+ Kg7 31. Qg5 Qh7 32. Qxe7+ Kh6 33. Qxh7+ Kxh7
34. Bxg6+ Kg7 35. Re3 a5 36. Rg3 axb4 37. axb4 Ra4 38. Rdd3 Rxb4 39. Be4+ Kf8
40. Rdf3+ Ke7 41. Rg7+ Kd6 42. Nf7+ Kc7 43. Ne5+ Kb6 44. Rf8 Rxd4 45. Bg2 Rd1+
46. Bf1 Re1 47. Nf3 Rd1 48. Rxc8 Rd5 49. Rcc7 Kc5 50. Rxb7 Rd6 51. Rg5+ Rd5 52.
Rxd5+ exd5 53. Ne5 Kd4 54. Nxc6+ 1-0

[Event "Espalion Op"]
[Site "Espalion (12)"]
[Date "2018.07.20"]
[Round "8.26"]
[White "Martin, Gerard"]
[Black "Garde, Gilles"]
[Result "0-1"]
[WhiteElo "1381"]
[BlackElo "1384"]
[PlyCount "102"]
[EventDate "2018.07.??"]
[EventType "swiss"]
[EventRounds "9"]
[EventCountry "FRA"]

1. d4 d6 2. d5 Nf6 3. c4 Nbd7 4. Nc3 b6 5. e4 Ne5 6. h3 h6 7. f4 Ned7 8. Bd3
Nc5 9. Nf3 Nxd3+ 10. Qxd3 Nd7 11. e5 Nc5 12. Qc2 e6 13. b4 Nb7 14. Rb1 a6 15.
Nd4 Qh4+ 16. Qf2 Qxf2+ 17. Kxf2 dxe5 18. fxe5 a5 19. Ncb5 Kd7 20. Rd1 axb4 21.
dxe6+ Ke7 22. Nc6+ Kxe6 23. Nxc7+ Kf5 24. Nxa8 Bc5+ 25. Be3 Be6 26. Nxb6 Bxb6
27. Ne7+ Ke4 28. Bxb6 Bxc4 29. Re1+ Kd3 30. Re3+ Kc2 31. Ra1 Ra8 32. Nf5 Rxa2
33. Rxa2+ Bxa2 34. Nd4+ Kb2 35. Re2+ Kb1 36. Ke3 Bc4 37. Rf2 b3 38. Nxb3 Bxb3
39. Rxf7 Bxf7 40. Kf4 h5 41. g4 hxg4 42. Kxg4 Kc2 43. Kf4 Kd3 44. Kf3 Kc4 45.
Ke4 Kb5 46. Bd4 g6 47. h4 Kc6 48. Kf4 Nd8 49. Kg5 Ne6+ 50. Kh6 Nxd4 51. h5 gxh5
0-1

[Event "Espalion Op"]
[Site "Espalion (12)"]
[Date "2018.07.20"]
[Round "8.27"]
[White "Bessiere, Alain"]
[Black "Muller-Moingt, Bastien"]
[Result "1/2-1/2"]
[WhiteElo "1330"]
[BlackElo "1007"]
[PlyCount "21"]
[EventDate "2018.07.??"]
[EventType "swiss"]
[EventRounds "9"]
[EventCountry "FRA"]

1. Nf3 d5 2. c4 Nf6 3. cxd5 Nxd5 4. e4 Nb6 5. Bb5+ Nc6 6. O-O e6 7. d4 Bd7 8.
d5 exd5 9. exd5 Nb8 10. Re1+ Be7 11. d6 1/2-1/2

[Event "Espalion Op"]
[Site "Espalion (12)"]
[Date "2018.07.20"]
[Round "8.28"]
[White "Callebaut, Katia"]
[Black "Sanchez, Corentin"]
[Result "1-0"]
[WhiteElo "1253"]
[BlackElo "1199"]
[PlyCount "111"]
[EventDate "2018.07.??"]
[EventType "swiss"]
[EventRounds "9"]
[EventCountry "FRA"]

1. e4 e5 2. Nf3 Nc6 3. Nc3 Nf6 4. d4 exd4 5. Nxd4 Nxd4 6. Qxd4 c5 7. Qd1 d6 8.
Bc4 Ng4 9. Qf3 Ne5 10. Bb5+ Bd7 11. Qd1 a6 12. Bxd7+ Qxd7 13. O-O Be7 14. Nd5
O-O 15. Nb6 Qd8 16. Nxa8 Qxa8 17. Qd5 Rd8 18. Be3 Qa7 19. h3 Qb6 20. Rab1 h6
21. b3 Nc6 22. c3 Bf8 23. Rbd1 Qc7 24. a3 b6 25. Rd3 Ne7 26. Qh5 g6 27. Qh4 g5
28. Bxg5 hxg5 29. Qxg5+ Bg7 30. Rg3 Ng6 31. h4 Qe7 32. Qg4 Qd7 33. Qg5 Qe7 34.
Qxe7 Nxe7 35. c4 b5 36. h5 Kf8 37. Re1 bxc4 38. bxc4 Rb8 39. Rg4 Rb3 40. Rd1
Rb6 41. g3 f5 42. exf5 Nxf5 43. Rf4 Ke7 44. Rxf5 Ke6 45. g4 Rb3 46. Re1+ Kd7
47. Rf7+ Kc6 48. Rxg7 Rxa3 49. h6 Rc3 50. Ra1 Kb6 51. Rb1+ Kc6 52. h7 Rh3 53.
Kg2 Rh4 54. Kg3 Rh6 55. Rbb7 a5 56. Rgc7# 1-0

[Event "Espalion Op"]
[Site "Espalion (12)"]
[Date "2018.07.21"]
[Round "9.1"]
[White "Gozzoli, Yannick"]
[Black "Kosten, Anthony C"]
[Result "1/2-1/2"]
[WhiteElo "2587"]
[BlackElo "2439"]
[PlyCount "20"]
[EventDate "2018.07.??"]
[EventType "swiss"]
[EventRounds "9"]
[EventCountry "FRA"]

1. d4 Nf6 2. c4 e6 3. Nf3 Bb4+ 4. Bd2 Qe7 5. g3 Bxd2+ 6. Qxd2 Nc6 7. Nc3 d5 8.
Ne5 dxc4 9. Nxc6 bxc6 10. Bg2 O-O 1/2-1/2

[Event "Espalion Op"]
[Site "Espalion (12)"]
[Date "2018.07.21"]
[Round "9.2"]
[White "Flear, Glenn C"]
[Black "Stets, Dmitry"]
[Result "0-1"]
[WhiteElo "2451"]
[BlackElo "2383"]
[PlyCount "68"]
[EventDate "2018.07.??"]
[EventType "swiss"]
[EventRounds "9"]
[EventCountry "FRA"]

1. d4 Nf6 2. c4 g6 3. Nc3 Bg7 4. e4 d6 5. Be2 O-O 6. Bg5 h6 7. Be3 c5 8. dxc5
Qa5 9. Bd2 Qxc5 10. Nf3 Bg4 11. O-O Bxf3 12. Bxf3 Nc6 13. Be2 Qe5 14. f3 Rac8
15. Be3 Nd7 16. Rc1 f5 17. f4 Qe6 18. Bf2 Nf6 19. exf5 gxf5 20. Bf3 Qf7 21. Re1
Rfe8 22. c5 Rcd8 23. cxd6 Rxd6 24. Qa4 Ng4 25. Bc5 Bd4+ 26. Bxd4 Rxd4 27. Qb5
e6 28. Bxc6 bxc6 29. Qxc6 Rxf4 30. Nd5 Rd4 31. Nc7 Rc8 32. h3 Rd7 33. Qxe6
Rcxc7 34. Rxc7 Qxe6 0-1

[Event "Espalion Op"]
[Site "Espalion (12)"]
[Date "2018.07.21"]
[Round "9.3"]
[White "Kurayan, Ruslan"]
[Black "Gerard, Nicolas"]
[Result "1-0"]
[WhiteElo "2366"]
[BlackElo "2183"]
[PlyCount "41"]
[EventDate "2018.07.??"]
[EventType "swiss"]
[EventRounds "9"]
[EventCountry "FRA"]

1. e4 c5 2. Nf3 Nc6 3. d4 cxd4 4. Nxd4 Qb6 5. Nb3 Nf6 6. Nc3 e6 7. Be3 Qc7 8.
f4 Bb4 9. Bd3 Bxc3+ 10. bxc3 d6 11. O-O e5 12. h3 O-O 13. f5 d5 14. exd5 Nxd5
15. f6 g6 16. Qe1 Nxe3 17. Qxe3 Qb6 18. Nc5 Kh8 19. Rab1 Qa5 20. Ne4 Nd8 21.
Qh6 1-0

[Event "Espalion Op"]
[Site "Espalion (12)"]
[Date "2018.07.21"]
[Round "9.4"]
[White "Verat-Fayolle, Celian"]
[Black "Lanzani, Mario"]
[Result "0-1"]
[WhiteElo "1759"]
[BlackElo "2280"]
[PlyCount "56"]
[EventDate "2018.07.??"]
[EventType "swiss"]
[EventRounds "9"]
[EventCountry "FRA"]

1. e4 c5 2. Nf3 g6 3. c3 Bg7 4. d4 cxd4 5. cxd4 d5 6. exd5 Nf6 7. Nc3 O-O 8.
Bc4 Nbd7 9. d6 exd6 10. O-O Nb6 11. Bb3 Bf5 12. Bf4 Ne4 13. Nd5 Nxd5 14. Bxd5
Nf6 15. Qb3 Nxd5 16. Qxd5 Qb6 17. b3 Rad8 18. Rfe1 Be6 19. Qe4 Qb5 20. Ng5 Bf5
21. Qe7 Rd7 22. Qe3 Qd5 23. Qg3 h6 24. Nf3 g5 25. Be3 Be6 26. Nd2 f5 27. Qf3 f4
28. Bxf4 Rxf4 0-1

[Event "Espalion Op"]
[Site "Espalion (12)"]
[Date "2018.07.21"]
[Round "9.5"]
[White "Grichkevitch, Gilles"]
[Black "Peter, Sebastien"]
[Result "0-1"]
[WhiteElo "1964"]
[BlackElo "2229"]
[PlyCount "60"]
[EventDate "2018.07.??"]
[EventType "swiss"]
[EventRounds "9"]
[EventCountry "FRA"]

1. e4 e6 2. d4 d5 3. Nc3 Nf6 4. Bg5 Bb4 5. e5 h6 6. Be3 Ne4 7. Qg4 g6 8. a3
Bxc3+ 9. bxc3 Nxc3 10. Bd3 b6 11. Nh3 Ba6 12. O-O Kd7 13. a4 Qe7 14. Rfc1 g5
15. Qf3 Rg8 16. g4 c6 17. Bd2 Ne4 18. Be1 h5 19. c4 f5 20. gxf5 g4 21. Qg2 exf5
22. Nf4 Qg5 23. e6+ Ke7 24. Bb4+ Kf6 25. Ne2 Bxc4 26. Bxc4 dxc4 27. Ng3 Na6 28.
Nxe4+ fxe4 29. Bc3 Qd5 30. Re1 Kxe6 0-1

[Event "Espalion Op"]
[Site "Espalion (12)"]
[Date "2018.07.21"]
[Round "9.6"]
[White "Carton, Patrick"]
[Black "Pascot, Jean"]
[Result "1-0"]
[WhiteElo "2189"]
[BlackElo "1796"]
[PlyCount "65"]
[EventDate "2018.07.??"]
[EventType "swiss"]
[EventRounds "9"]
[EventCountry "FRA"]

1. e4 e5 2. Nf3 Nc6 3. Bb5 a6 4. Bxc6 dxc6 5. d4 exd4 6. Qxd4 Bg4 7. Bg5 Qxd4
8. Nxd4 f6 9. Be3 Bd6 10. f3 Bd7 11. c3 Ne7 12. Nd2 Ng6 13. O-O O-O 14. Rad1
Rad8 15. Rfe1 Ne5 16. b3 g6 17. Nf1 Kg7 18. Bf2 c5 19. Nc2 c4 20. Re2 f5 21.
exf5 Bxf5 22. Bd4 Bc5 23. Nce3 Bxd4 24. cxd4 Bd3 25. Ree1 Rxd4 26. Nc2 Rd5 27.
Nb4 Rb5 28. Nxd3 cxd3 29. Re4 Rd8 30. a4 Rc5 31. b4 Rc2 32. Rxe5 Re2 33. Rxd3
1-0

[Event "Espalion Op"]
[Site "Espalion (12)"]
[Date "2018.07.21"]
[Round "9.7"]
[White "Flear, Christine"]
[Black "Larcheveque, Francois"]
[Result "1/2-1/2"]
[WhiteElo "2083"]
[BlackElo "1980"]
[PlyCount "29"]
[EventDate "2018.07.??"]
[EventType "swiss"]
[EventRounds "9"]
[EventCountry "FRA"]

1. d4 d5 2. c4 e6 3. Nc3 Bb4 4. cxd5 exd5 5. Bf4 c6 6. e3 Ne7 7. Bd3 Bf5 8.
Nge2 O-O 9. a3 Bd6 10. b4 Bxd3 11. Qxd3 b5 12. Bxd6 Qxd6 13. e4 Nd7 14. e5 Qg6
15. Qxg6 1/2-1/2

[Event "Espalion Op"]
[Site "Espalion (12)"]
[Date "2018.07.21"]
[Round "9.8"]
[White "Duffau, Pascal"]
[Black "Baroyan, Davit"]
[Result "0-1"]
[WhiteElo "1952"]
[BlackElo "2049"]
[PlyCount "42"]
[EventDate "2018.07.??"]
[EventType "swiss"]
[EventRounds "9"]
[EventCountry "FRA"]

1. Nf3 d5 2. c4 c6 3. e3 Nf6 4. Nc3 e6 5. d4 Nbd7 6. Bd3 dxc4 7. Bxc4 b5 8. Bd3
b4 9. Na4 c5 10. O-O Bd6 11. Re1 Bb7 12. e4 cxd4 13. Nxd4 O-O 14. Bg5 Qa5 15.
Bh4 Rfd8 16. Qb3 Qh5 17. Bg3 Bxg3 18. fxg3 Nc5 19. Nxc5 Qxc5 20. Kh1 Qxd4 21.
Rad1 Ng4 0-1

[Event "Espalion Op"]
[Site "Espalion (12)"]
[Date "2018.07.21"]
[Round "9.9"]
[White "Labarthe, Arnaud"]
[Black "Pass, Deborah J"]
[Result "0-1"]
[WhiteElo "1632"]
[BlackElo "1951"]
[PlyCount "54"]
[EventDate "2018.07.??"]
[EventType "swiss"]
[EventRounds "9"]
[EventCountry "FRA"]

1. d4 Nf6 2. c4 g6 3. Nc3 Bg7 4. e4 d6 5. f4 c5 6. d5 O-O 7. Nf3 e6 8. Be2 exd5
9. exd5 Re8 10. O-O Bf5 11. Bd3 Qd7 12. Bc2 Bxc2 13. Qxc2 Na6 14. a3 Nc7 15. f5
b5 16. fxg6 hxg6 17. Ng5 Ng4 18. Bd2 Bd4+ 19. Kh1 f5 20. Nh3 b4 21. axb4 cxb4
22. Qa4 Qxa4 23. Nxa4 Re2 24. Bxb4 Rae8 25. Rae1 Rc2 26. Bc3 Be3 27. Rd1 Re4 {
Téléphone} 0-1

[Event "Espalion Op"]
[Site "Espalion (12)"]
[Date "2018.07.21"]
[Round "9.10"]
[White "Lagunes, Robin"]
[Black "Hadamard, Olivier"]
[Result "0-1"]
[WhiteElo "1857"]
[BlackElo "1776"]
[PlyCount "32"]
[EventDate "2018.07.??"]
[EventType "swiss"]
[EventRounds "9"]
[EventCountry "FRA"]

1. e4 e6 2. Nc3 d5 3. d4 Bb4 4. e5 c5 5. a3 Bxc3+ 6. bxc3 Ne7 7. Nf3 Nbc6 8.
Bd3 Qc7 9. Bb2 Bd7 10. Ng5 h6 11. Qh5 Nxe5 12. O-O-O N5g6 13. Nh3 Nf4 14. Nxf4
Qxf4+ 15. Kb1 g6 16. Qe2 c4 0-1

[Event "Espalion Op"]
[Site "Espalion (12)"]
[Date "2018.07.21"]
[Round "9.11"]
[White "Gaubert, Cedric"]
[Black "Tholey, Jean-Paul"]
[Result "1-0"]
[WhiteElo "1797"]
[BlackElo "1815"]
[PlyCount "87"]
[EventDate "2018.07.??"]
[EventType "swiss"]
[EventRounds "9"]
[EventCountry "FRA"]

1. d4 d5 2. Bf4 Nf6 3. e3 Bf5 4. c4 e6 5. Nc3 c6 6. Qb3 Qb6 7. c5 Qxb3 8. axb3
Nbd7 9. h3 Be7 10. Nf3 O-O 11. Be2 Rfc8 12. b4 Bd8 13. O-O Bc7 14. Bxc7 Rxc7
15. Nh4 Bg6 16. Nxg6 hxg6 17. b5 b6 18. b4 Ne8 19. bxc6 Rxc6 20. Bb5 Rc7 21.
Bxd7 Rxd7 22. cxb6 a6 23. b5 a5 24. Na4 Rb7 25. Rfc1 Nd6 26. Rc6 Nc4 27. Kf1
Rab8 28. Ke2 Kf8 29. Kd3 Nxb6 30. Nxb6 Rxb6 31. Rxb6 Rxb6 32. Rxa5 Ke7 33. Kc3
Rb7 34. Kb4 Rc7 35. Ra2 Kd7 36. b6 Rc1 37. Kb5 Kc8 38. Ra8+ Kb7 39. Ra7+ Kb8
40. Rxf7 Rb1+ 41. Kc6 Rc1+ 42. Kd6 Rb1 43. Rxg7 Rxb6+ 44. Ke5 1-0

[Event "Espalion Op"]
[Site "Espalion (12)"]
[Date "2018.07.21"]
[Round "9.12"]
[White "Menard, Baptiste"]
[Black "Flaujac, Benoit"]
[Result "1-0"]
[WhiteElo "2184"]
[BlackElo "1902"]
[PlyCount "43"]
[EventDate "2018.07.??"]
[EventType "swiss"]
[EventRounds "9"]
[EventCountry "FRA"]

1. e4 e5 2. Nf3 Nc6 3. Bb5 f5 4. d3 fxe4 5. dxe4 Nf6 6. Qd3 Bc5 7. Nc3 d6 8.
Qc4 Bd7 9. Nd5 a6 10. Bxc6 bxc6 11. Nxf6+ Qxf6 12. Be3 Be6 13. Qc3 O-O 14. Bxc5
dxc5 15. O-O Rab8 16. Nxe5 Rb4 17. f3 Bc4 18. Rfd1 Re8 19. a3 Be2 20. axb4 Bxd1
21. Qc4+ Qe6 22. Rxd1 1-0

[Event "Espalion Op"]
[Site "Espalion (12)"]
[Date "2018.07.21"]
[Round "9.13"]
[White "Lagunes, Jean-Renaud"]
[Black "Malart, Jacques"]
[Result "1-0"]
[WhiteElo "1943"]
[BlackElo "1735"]
[PlyCount "143"]
[EventDate "2018.07.??"]
[EventType "swiss"]
[EventRounds "9"]
[EventCountry "FRA"]

1. e4 c5 2. Nf3 Nc6 3. b3 d6 4. Bb2 Nf6 5. d3 g6 6. g3 Bg7 7. Bg2 Bd7 8. O-O
O-O 9. Nbd2 b5 10. a4 a6 11. Qe2 e5 12. c3 Qc8 13. axb5 axb5 14. Rxa8 Qxa8 15.
Ra1 Qb7 16. Nf1 Ra8 17. Ne3 Rxa1+ 18. Bxa1 Qa6 19. Qb2 Ne7 20. c4 b4 21. Qb1
Ng4 22. Nc2 Nf6 23. h3 Ne8 24. Bb2 Nc7 25. Ne3 Nc6 26. Nd5 Nxd5 27. exd5 Ne7
28. h4 h6 29. Kh2 Bf5 30. Bh3 Bxh3 31. Kxh3 Qa8 32. Bc1 Kf8 33. Be3 Qa7 34. Nh2
Nf5 35. g4 Ne7 36. f3 Ng8 37. g5 h5 38. Nf1 Ne7 39. Ng3 Qd7+ 40. Kg2 Qa7 41.
Ne4 Nf5 42. Bf2 Ke7 43. Qb2 Qa3 44. Qb1 Qa7 45. Kf1 Kd7 46. Ke2 Qa6 47. Bxc5
Qa5 48. Bf2 Kc7 49. Qb2 Qa6 50. Kd2 Qc8 51. Qa2 Qb7 52. Qa5+ Kd7 53. Kc2 Ne7
54. Be1 Nf5 55. Bf2 Ne7 56. Qa7 Qxa7 57. Bxa7 Nf5 58. Bf2 Kc7 59. Kd2 Kd7 60.
Ke2 Kc7 61. Kf1 Kd7 62. Kg2 Kc7 63. Kh3 Bf8 64. Nd2 Be7 65. Ne4 Kd7 66. Ng3 Ng7
67. Be1 Ne8 68. Bxb4 Nc7 69. Ne4 Na6 70. Bc3 Kc7 71. b4 Kb6 72. Kg3 1-0

[Event "Espalion Op"]
[Site "Espalion (12)"]
[Date "2018.07.21"]
[Round "9.14"]
[White "Duvette, Michel"]
[Black "Joli, Laurent"]
[Result "1/2-1/2"]
[WhiteElo "1520"]
[BlackElo "1793"]
[PlyCount "127"]
[EventDate "2018.07.??"]
[EventType "swiss"]
[EventRounds "9"]
[EventCountry "FRA"]

1. d4 d5 2. Bf4 Nf6 3. e3 e6 4. Nf3 c6 5. c3 Be7 6. Bd3 Nbd7 7. Nbd2 c5 8. Ne5
c4 9. Bc2 Nf8 10. Ndf3 Ng6 11. Ba4+ Nd7 12. Bg3 a6 13. h4 b5 14. Bc2 Ndxe5 15.
Nxe5 Nxe5 16. Bxe5 Bf6 17. f4 O-O 18. Qh5 g6 19. Qh6 Bxe5 20. fxe5 f5 21. Bd1
Qe7 22. a3 Ra7 23. Kd2 Qg7 24. Qf4 Kh8 25. Be2 Rg8 26. Rag1 g5 27. hxg5 Qxg5
28. Rh4 Qxf4 29. exf4 Rg3 30. Bf3 a5 31. Rgh1 Rb7 32. Kc1 Rgg7 33. Rh6 b4 34.
axb4 axb4 35. Rf6 bxc3 36. Rf8+ Rg8 37. Rxg8+ Kxg8 38. bxc3 Bd7 39. Rh6 Kg7 40.
Rf6 Ra7 41. Kb2 Rb7+ 42. Kc1 Rb3 43. Kd2 Rb2+ 44. Kc1 Rf2 45. Kb1 Rf1+ 46. Kb2
h6 47. Ka3 Rb1 48. Bh5 Rb3+ 49. Ka2 Rxc3 50. Rf7+ Kg8 51. Rxd7 Rc2+ 52. Kb1
Rxg2 53. Bf7+ Kf8 54. Bxe6 Rf2 55. Rf7+ Ke8 56. Bxd5 Rxf4 57. Bxc4 Rxd4 58. Bb3
Rb4 59. Rxf5 Rxb3+ 60. Kc2 Rh3 61. Kd2 Ke7 62. Rf1 Ke6 63. Re1 Rf3 64. Rh1
1/2-1/2

[Event "Espalion Op"]
[Site "Espalion (12)"]
[Date "2018.07.21"]
[Round "9.15"]
[White "Carno, Matthias"]
[Black "Kosten-Forintos, Gyongyver"]
[Result "1-0"]
[WhiteElo "1783"]
[BlackElo "1685"]
[PlyCount "97"]
[EventDate "2018.07.??"]
[EventType "swiss"]
[EventRounds "9"]
[EventCountry "FRA"]

1. e4 d5 2. exd5 Qxd5 3. Nc3 Qa5 4. Nf3 c6 5. d4 Bg4 6. Be2 Nf6 7. Bd2 Qc7 8.
O-O e6 9. Ne5 Bxe2 10. Qxe2 Nbd7 11. Bf4 Bd6 12. Rfe1 O-O 13. Rad1 Nd5 14. Bg3
Nxc3 15. bxc3 Nxe5 16. Bxe5 Bxe5 17. Qxe5 Qxe5 18. Rxe5 Rfd8 19. f4 g6 20. c4
b6 21. g4 c5 22. d5 exd5 23. cxd5 c4 24. Kf2 Rd6 25. Ke3 Rad8 26. g5 f6 27.
gxf6 Rxf6 28. Re7 a6 29. a4 Rfd6 30. Ke4 b5 31. axb5 axb5 32. Rb7 Re8+ 33. Kf3
Rf8 34. Rxb5 g5 35. Rd4 Rxf4+ 36. Rxf4 gxf4 37. Kxf4 Rf6+ 38. Ke5 Rf2 39. d6
Re2+ 40. Kf6 Rf2+ 41. Ke7 Rxc2 42. Rg5+ Kh8 43. d7 Re2+ 44. Kd6 Rd2+ 45. Rd5 c3
46. d8=Q+ Kg7 47. Qe7+ Kg6 48. Qg5+ Kf7 49. Rxd2 1-0

[Event "Espalion Op"]
[Site "Espalion (12)"]
[Date "2018.07.21"]
[Round "9.16"]
[White "Martinez, Felicien"]
[Black "Veschambre, Antoine"]
[Result "1-0"]
[WhiteElo "1766"]
[BlackElo "1730"]
[PlyCount "31"]
[EventDate "2018.07.??"]
[EventType "swiss"]
[EventRounds "9"]
[EventCountry "FRA"]

1. c4 Nf6 2. Nf3 e6 3. g3 b6 4. Bg2 Bb7 5. d3 Be7 6. O-O O-O 7. Nc3 d5 8. cxd5
Nxd5 9. a3 Nxc3 10. bxc3 Bf6 11. Qc2 Nd7 12. Rd1 Nc5 13. a4 Bd5 14. Ra3 Qe7 15.
e4 Bb7 16. e5 1-0

[Event "Espalion Op"]
[Site "Espalion (12)"]
[Date "2018.07.21"]
[Round "9.17"]
[White "Griggio, Jean-Paul"]
[Black "Callebaut, Giovanni"]
[Result "1-0"]
[WhiteElo "1752"]
[BlackElo "1616"]
[PlyCount "53"]
[EventDate "2018.07.??"]
[EventType "swiss"]
[EventRounds "9"]
[EventCountry "FRA"]

1. d4 g6 2. c4 Bg7 3. Nf3 c5 4. d5 d6 5. h3 a6 6. Nc3 b5 7. e4 b4 8. Nb1 a5 9.
Bd3 Nd7 10. O-O Ne5 11. Nxe5 Bxe5 12. Nd2 Bg7 13. Kh1 Nf6 14. f4 Nd7 15. Nf3 a4
16. Rb1 O-O 17. Re1 e5 18. f5 Bf6 19. g4 Bh4 20. Rg1 Bf2 21. Rg2 Bd4 22. Qe1
Kg7 23. g5 f6 24. Qh4 Rh8 25. gxf6+ Qxf6 26. Bg5 Qf8 27. Bh6+ 1-0

[Event "Espalion Op"]
[Site "Espalion (12)"]
[Date "2018.07.21"]
[Round "9.19"]
[White "Deceuninck, Andre"]
[Black "Chazeau, Laineur-Lothaire"]
[Result "1-0"]
[WhiteElo "1570"]
[BlackElo "1651"]
[PlyCount "51"]
[EventDate "2018.07.??"]
[EventType "swiss"]
[EventRounds "9"]
[EventCountry "FRA"]

1. Nf3 g6 2. d4 Bg7 3. e4 d6 4. Be2 a6 5. Be3 e6 6. Nc3 Ne7 7. Qd2 h6 8. O-O
Nd7 9. Ne1 b6 10. Nd3 Bb7 11. f4 f5 12. e5 d5 13. Bf2 Nc6 14. g4 Qe7 15. gxf5
gxf5 16. Bh5+ Kf8 17. Kh1 Kg8 18. Rg1 Na5 19. Rg3 Nc4 20. Qe2 Kf8 21. Rag1 Rg8
22. Qe1 Nb8 23. Rg6 c5 24. Bh4 Qd7 25. Qg3 Nd2 26. Rf6+ 1-0

[Event "Espalion Op"]
[Site "Espalion (12)"]
[Date "2018.07.21"]
[Round "9.20"]
[White "Mourgues, Joelle"]
[Black "Martinez, Philippe"]
[Result "0-1"]
[WhiteElo "1580"]
[BlackElo "1506"]
[PlyCount "166"]
[EventDate "2018.07.??"]
[EventType "swiss"]
[EventRounds "9"]
[EventCountry "FRA"]

1. Nf3 d5 2. g3 Nf6 3. d3 Bg4 4. Bg2 Nbd7 5. O-O c6 6. c3 e5 7. Qc2 Bd6 8. e4
dxe4 9. dxe4 Qe7 10. Nh4 O-O-O 11. Nd2 g6 12. Nc4 Bc7 13. a4 Qe6 14. b3 Bh3 15.
Bh6 Bxg2 16. Kxg2 Ng4 17. Bg5 f6 18. Bc1 g5 19. Nf5 h5 20. Ba3 h4 21. Ncd6+ Kb8
22. Ng7 Qg8 23. Ngf5 Qf7 24. h3 Nh6 25. g4 Nxf5 26. Nxf5 Rhe8 27. Rad1 Nf8 28.
a5 Ne6 29. a6 b6 30. Rxd8+ Rxd8 31. Ne7 Qe8 32. Rd1 c5 33. Nd5 Nf4+ 34. Kh2
Nxd5 35. exd5 Qb5 36. c4 Qxa6 37. Bb2 Qc8 38. Kg2 Bd6 39. Bc3 Qd7 40. Ra1 Rf8
41. Re1 Kb7 42. Qg6 Qf7 43. Qf5 Re8 44. Bd2 Qg7 45. f3 Rd8 46. Bc3 Be7 47. Qe6
Rd6 48. Qf5 Bd8 49. b4 Qd7 50. Qe4 Qc7 51. b5 Qg7 52. Ra1 Rd7 53. Qf5 Qh7 54.
Qxh7 Rxh7 55. Kf2 Bc7 56. Ke3 Rh8 57. Ke4 Ra8 58. Kf5 Bd8 59. d6 a6 60. bxa6+
Kc6 61. Ke6 Ra7 62. d7 Kc7 63. Ra2 Kb8 64. Kd6 Rc7 65. Ke6 Ra7 66. Kd6 Rc7 67.
Bd2 Ra7 68. Be3 Rc7 69. Rb2 Ka7 70. Ra2 Kb8 71. a7+ Rxa7 72. Rb2 Rb7 73. Ke6
Kc7 74. Rd2 Ra7 75. Rd3 Ra4 76. Rc3 Ra2 77. Rb3 Rc2 78. Ra3 Rxc4 79. Ra7+ Kb8
80. Ra6 b5 81. Kd5 Kb7 82. Rd6 Kc7 83. Bxc5 Rxc5+ 0-1

[Event "Espalion Op"]
[Site "Espalion (12)"]
[Date "2018.07.21"]
[Round "9.21"]
[White "Baduel, Alain"]
[Black "Veschambre, Martin"]
[Result "0-1"]
[WhiteElo "1600"]
[BlackElo "1541"]
[PlyCount "54"]
[EventDate "2018.07.??"]
[EventType "swiss"]
[EventRounds "9"]
[EventCountry "FRA"]

1. e4 d5 2. exd5 Qxd5 3. d4 Nc6 4. Nf3 Bg4 5. Be3 O-O-O 6. c4 Qf5 7. Be2 Bxf3
8. Bxf3 Nxd4 9. Bg4 Nc2+ 10. Kf1 Rxd1+ 11. Bxd1 Nxe3+ 12. Ke2 Nxd1 13. Rxd1
Qe5+ 14. Kf1 Nf6 15. Nc3 e6 16. a3 Be7 17. Re1 Qxh2 18. Nb5 a6 19. Nc3 Rd8 20.
Ne2 Qh6 21. g3 Rd2 22. Kg2 Qh5 23. Nf4 Qc5 24. Ne2 Ng4 25. b4 Qxf2+ 26. Kh3 h5
27. Rh1 Rxe2 0-1